Correlation and Prediction of Vapour-Liquid Equilibria of Multicomponent Systems.

Saved in:
Bibliographic Details
Main Author: Neophytou, Maria
Format: Book
Language:English
Published: Bratislava STU FCHPT 2006
Online Access:View in OPAC
Tags: Add Tag
No Tags, Be the first to tag this record!

MARC

LEADER 00000nam a2200000 a 4500
005 20260127134011.0
008 060607 2006 xo 000 0 eng d
035 |a vtls008774239 
039 9 |a 200607082204  |b msnk01  |y 200606191044  |z mschk03 
040 |a STUSCHK1  |b slo  |c STUSCHK1  |e AACR2 
100 1 |a Neophytou, Maria 
245 1 |a Correlation and Prediction of Vapour-Liquid Equilibria of Multicomponent Systems. 
246 1 1 |a Korelácia a predpoveď rovnováhy kavapalina - para viaczložkových systémov 
260 |a Bratislava  |b STU FCHPT  |c 2006 
300 |a 54 s.  |b obr.,tab.,grafy, lit.,príloha + CD-ROM 
500 |a Obháj.: 6.6. 2006 
500 |a Špec.: Chemické inžinierstvo 
500 |a Ústav chemického a environmentálneho inžinierstva 
910 |a SCHK95 
999 |c 1856  |d 1856